000 00496nam a2200193Ia 4500
003 IN-BaIIA
008 211028s9999 xx 000 0 eng d
040 _cIIA Library
080 _a523.9
_bHAW
100 _aHawkes, Jacquetta
_96590
245 0 _aMan and the sun
_cJacquetta Hawkes
260 _aLondon
_bThe Cresset Press
_c1962
300 _ax, 280p.
650 _aMan
_96591
650 _aSun
_91200
650 _aSun - religious aspects
_96592
650 _aSun worship
_96593
942 _cBK
999 _c3712
_d3712